[Event "Tatarstan-ch op"]
[Site "Kazan"]
[Date "2009.08.27"]
[Round "8"]
[White "Belova, Olga"]
[Black "Sadykov, Vadim F"]
[Result "0-1"]
[WhiteElo "1866"]
[BlackElo "2153"]
[PlyCount "66"]
[EventDate "2009.08.20"]
[EventType "swiss"]
[EventRounds "9"]
[EventCountry "RUS"]
[SourceTitle "EXT 2010"]
[Source "ChessBase"]
[SourceDate "2010.11.25"]
[SourceVersion "1"]
[SourceVersionDate "2010.11.25"]
[SourceQuality "1"]

1. e4 e5 2. Nf3 Nc6 3. Bb5 Nf6 4. 0-0 Bc5 5. Qe2 d6 6. h3 0-0 7. c3 Bb6 8. Rd1 Qe7 9. d3 h6 10. Nbd2 Nh7 11. Nf1 f5 12. Bc4+ Kh8 13. exf5 Bxf5 14. Ng3 Bd7 15. b4 Rae8 16. a4 a5 17. b5 Nd8 18. Bd5 Ne6 19. Bxb7 Nhg5 20. Be3 Nf4 21. Bxf4 Rxf4 22. d4 Nxf3+ 23. Bxf3 Qf7 24. Qa2 Be6 25. Qd2 Bxh3 26. Bh5 g6 27. Bxg6 Qxg6 28. gxh3 Ref8 29. Qd3 Qe6 30. Nh1 Rf3 31. Qf1 Rg8+ 32. Kh2 Qf5 33. Ng3 Rxf2+ 0-1

[Event "Tatarstan-ch op"]
[Site "Kazan"]
[Date "2009.08.25"]
[Round "6"]
[White "Beliaev, Vasily"]
[Black "Sadykov, Vadim F"]
[Result "0-1"]
[WhiteElo "2054"]
[BlackElo "2153"]
[PlyCount "68"]
[EventDate "2009.08.20"]
[EventType "swiss"]
[EventRounds "9"]
[EventCountry "RUS"]
[SourceTitle "EXT 2010"]
[Source "ChessBase"]
[SourceDate "2010.11.25"]
[SourceVersion "1"]
[SourceVersionDate "2010.11.25"]
[SourceQuality "1"]

1. e4 e5 2. Nf3 Nc6 3. Bc4 Nf6 4. d4 exd4 5. 0-0 Nxe4 6. Re1 d5 7. Bxd5 Qxd5 8. Nc3 Qa5 9. Nxe4 Be7 10. Bg5 0-0 11. Bxe7 Nxe7 12. Nf6+ gxf6 13. Rxe7 c5 14. Nh4 Qd8 15. Qe2 Qd5 16. f4 Be6 17. f5 Bd7 18. Qg4+ Kh8 19. Qh5 Kg7 20. c4 Qd6 21. Rae1 Rae8 22. Ng6 Rxe7 23. Rxe7 Bxf5 24. Nh4 Bg6 25. Qg4 Kh8 26. Rxb7 Qa6 27. Nxg6+ hxg6 28. Qf3 Kg7 29. Qb3 Rd8 30. Rc7 d3 31. Rxc5 Qb6 32. Qxb6 axb6 33. Rc8 Rxc8 34. Kf2 Re8 0-1

[Event "Tatarstan-ch op"]
[Site "Kazan"]
[Date "2009.08.24"]
[Round "5"]
[White "Sadykov, Vadim F"]
[Black "Ryskanov, Ildar"]
[Result "1-0"]
[WhiteElo "2153"]
[BlackElo "1750"]
[PlyCount "71"]
[EventDate "2009.08.20"]
[EventType "swiss"]
[EventRounds "9"]
[EventCountry "RUS"]
[SourceTitle "EXT 2010"]
[Source "ChessBase"]
[SourceDate "2010.11.25"]
[SourceVersion "1"]
[SourceVersionDate "2010.11.25"]
[SourceQuality "1"]

1. e4 e5 2. Nf3 Nc6 3. Nc3 Nf6 4. Bb5 Nd4 5. Ba4 c6 6. d3 Bc5 7. h3 d6 8. 0-0 h6 9. Nxd4 Bxd4 10. Ne2 Bb6 11. Ng3 0-0 12. Kh1 d5 13. Qe2 Be6 14. f4 exf4 15. Bxf4 dxe4 16. dxe4 Qd4 17. Bb3 Bxb3 18. cxb3 Nh7 19. Rad1 Qc5 20. Bd6 Qg5 21. Bxf8 Rxf8 22. Nf5 Nf6 23. Rd3 Bc7 24. h4 Qh5 25. Qxh5 Nxh5 26. Rd7 Bb6 27. Rxb7 Re8 28. g4 Nf6 29. Re7 Rd8 30. Nxh6+ Kh7 31. Nxf7 Rd2 32. Ng5+ Kg6 33. Ne6 Nxg4 34. Rxg7+ Kh5 35. Rh7+ Kg6 36. Nf8# 1-0

[Event "Tatarstan-ch op"]
[Site "Kazan"]
[Date "2009.08.22"]
[Round "3"]
[White "Sadykov, Vadim F"]
[Black "Mukhametgaleeva, Railia"]
[Result "1/2-1/2"]
[WhiteElo "2153"]
[BlackElo "1857"]
[PlyCount "45"]
[EventDate "2009.08.20"]
[EventType "swiss"]
[EventRounds "9"]
[EventCountry "RUS"]
[SourceTitle "EXT 2010"]
[Source "ChessBase"]
[SourceDate "2010.11.25"]
[SourceVersion "1"]
[SourceVersionDate "2010.11.25"]
[SourceQuality "1"]

1. e4 e5 2. Nf3 Nc6 3. Nc3 Nf6 4. Bb5 a6 5. Bxc6 dxc6 6. Nxe5 Nxe4 7. Nxe4 Qd4 8. 0-0 Qxe5 9. d4 Qd5 10. Re1 Be7 11. Bf4 Qd8 12. Qf3 0-0 13. Qg3 Bh4 14. Qc3 Bf5 15. g3 Be7 16. Qa5 Qd5 17. Qxd5 cxd5 18. Nc3 Bb4 19. Re5 Bxc3 20. Rxf5 Bxd4 21. Rxd5 Rad8 22. Rxd8 Rxd8 23. Re1 1/2-1/2

[Event "Privolzhskogo FO-ch"]
[Site "Kazan"]
[Date "2009.01.22"]
[Round "2"]
[White "Sadykov, Vadim F"]
[Black "Gainullin, Yakov"]
[Result "0-1"]
[WhiteElo "2174"]
[BlackElo "2035"]
[PlyCount "58"]
[EventDate "2009.01.21"]
[EventType "swiss"]
[EventRounds "9"]
[EventCountry "RUS"]
[SourceTitle "EXT 2010"]
[Source "ChessBase"]
[SourceDate "2010.11.25"]
[SourceVersion "1"]
[SourceVersionDate "2010.11.25"]
[SourceQuality "1"]

1. e4 c5 2. Nf3 d6 3. d4 cxd4 4. Nxd4 Nf6 5. Nc3 a6 6. Bg5 e6 7. Bc4 Be7 8. 0-0 Bd7 9. a4 Nc6 10. Nxc6 Bxc6 11. Re1 0-0 12. a5 Rc8 13. Bb3 Qc7 14. Qd4 Rfd8 15. Re3 d5 16. e5 Ne4 17. Bxe7 Qxe7 18. Ne2 Bb5 19. Ng3 Nxg3 20. Rxg3 Bc4 21. Ba4 Be2 22. c3 Rc4 23. Qd2 Bh5 24. Bb3 Re4 25. Rg5 Re2 26. Qc1 Qc5 27. Rxg7+ Kf8 28. Qf4 Qxa5 29. Ba4 Kxg7 0-1

[Event "Privolzhskogo FO-ch"]
[Site "Kazan"]
[Date "2009.01.21"]
[Round "1"]
[White "Askarov, Marat"]
[Black "Sadykov, Vadim F"]
[Result "1-0"]
[WhiteElo "2512"]
[BlackElo "2174"]
[PlyCount "43"]
[EventDate "2009.01.21"]
[EventType "swiss"]
[EventRounds "9"]
[EventCountry "RUS"]
[SourceTitle "EXT 2010"]
[Source "ChessBase"]
[SourceDate "2010.11.25"]
[SourceVersion "1"]
[SourceVersionDate "2010.11.25"]
[SourceQuality "1"]

1. e4 e5 2. Nf3 Nc6 3. Bc4 Nf6 4. Nc3 Bb4 5. 0-0 d6 6. a3 Ba5 7. b4 Bb6 8. Nd5 Nxd5 9. exd5 Ne7 10. d4 Ng6 11. dxe5 dxe5 12. Bb2 f6 13. Bd3 a6 14. c4 Nf4 15. Bb1 Bg4 16. Re1 Qd7 17. c5 Ba7 18. Nxe5 fxe5 19. Rxe5+ Kd8 20. f3 Bh5 21. Bf5 Qb5 22. d6 1-0

[Event "Tatarstan-ch op"]
[Site "Kazan"]
[Date "2008.08.27"]
[Round "7"]
[White "Sadykov, Vadim F"]
[Black "Amirkhanov, Roustem"]
[Result "1/2-1/2"]
[WhiteElo "2196"]
[BlackElo "2278"]
[PlyCount "107"]
[EventDate "2008.08.21"]
[EventType "swiss"]
[EventRounds "9"]
[EventCountry "RUS"]
[SourceTitle "EXT 2010"]
[Source "ChessBase"]
[SourceDate "2010.11.25"]
[SourceVersion "1"]
[SourceVersionDate "2010.11.25"]
[SourceQuality "1"]

1. e4 e5 2. Nf3 Nc6 3. Nc3 Nf6 4. Bb5 Bb4 5. 0-0 0-0 6. d3 d6 7. Bg5 Bxc3 8. bxc3 Qe7 9. Re1 Nd8 10. d4 Bg4 11. d5 h6 12. Bd2 c6 13. dxc6 bxc6 14. Bd3 Ne6 15. h3 Bh5 16. g4 Bg6 17. Nh4 Nh7 18. Nf5 Bxf5 19. gxf5 Nf4 20. Qg4 g5 21. Bxf4 exf4 22. Rab1 Nf6 23. Qe2 Rab8 24. Rxb8 Rxb8 25. e5 dxe5 26. Qxe5 Qxe5 27. Rxe5 Kf8 28. Ra5 Rb7 29. Ra6 Rc7 30. Kg2 Ke7 31. Ra4 Nd5 32. c4 Nb6 33. Ra5 c5 34. Kf3 h5 35. Ra6 f6 36. a4 Nd7 37. Ke4 Ne5 38. Be2 Rd7 39. c3 h4 40. Ra5 f3 41. Bxf3 Nxf3 42. Kxf3 Rd3+ 43. Kg2 Kd6 44. Ra6+ Ke5 45. Rc6 Rxc3 46. Rxc5+ Kd4 47. Ra5 Rxc4 48. Rxa7 Ke4 49. Ra5 Kf4 50. Ra8 Kxf5 51. Ra5+ Kf4 52. Ra8 f5 53. a5 Ra4 54. a6 1/2-1/2

[Event "Kazan City-ch"]
[Site "Kazan"]
[Date "2007.12.13"]
[Round "11"]
[White "Sadykov, Mars"]
[Black "Sadykov, Vadim F"]
[Result "1/2-1/2"]
[WhiteElo "2140"]
[BlackElo "2174"]
[PlyCount "60"]
[EventDate "2007.11.24"]
[EventType "swiss"]
[EventRounds "11"]
[EventCountry "RUS"]
[SourceTitle "EXT 2009"]
[Source "ChessBase"]
[SourceDate "2008.11.26"]
[SourceVersion "1"]
[SourceVersionDate "2008.11.26"]
[SourceQuality "1"]

1. Nf3 d5 2. d4 c5 3. Bf4 Nc6 4. e3 Nf6 5. c3 e6 6. Bd3 Be7 7. Ne5 Nxe5 8. Bxe5 a6 9. 0-0 0-0 10. Nd2 Nd7 11. Bg3 c4 12. Bc2 f5 13. Nf3 g5 14. Ne5 Qe8 15. b3 b5 16. bxc4 Nxe5 17. Bxe5 bxc4 18. Rb1 Bd7 19. f3 Bf6 20. Bd6 Rf7 21. e4 f4 22. Re1 Qc8 23. exd5 exd5 24. Ba4 Bxa4 25. Qxa4 Qd7 26. Qxd7 Rxd7 27. Be5 Bd8 28. h4 h6 29. hxg5 hxg5 30. Kf2 Ba5 1/2-1/2

[Event "Kazan City-ch"]
[Site "Kazan"]
[Date "2007.11.29"]
[Round "4"]
[White "Sadykov, Vadim F"]
[Black "Vafin, Nail G"]
[Result "1/2-1/2"]
[WhiteElo "2174"]
[BlackElo "2038"]
[PlyCount "49"]
[EventDate "2007.11.24"]
[EventType "swiss"]
[EventRounds "11"]
[EventCountry "RUS"]
[SourceTitle "EXT 2009"]
[Source "ChessBase"]
[SourceDate "2008.11.26"]
[SourceVersion "1"]
[SourceVersionDate "2008.11.26"]
[SourceQuality "1"]

1. e4 c5 2. Nf3 d6 3. d4 cxd4 4. Nxd4 Nf6 5. Nc3 g6 6. Bg5 Bg7 7. Qd2 Nc6 8. Bb5 Bd7 9. 0-0-0 Nxd4 10. Qxd4 Bxb5 11. Nxb5 Nh5 12. Qa4 0-0 13. Nxd6 Qc7 14. Nc4 b5 15. Qxb5 Rab8 16. Qa4 Rfc8 17. b3 Nf4 18. Rd7 Rd8 19. Rxc7 Ne2+ 20. Kb1 Nc3+ 21. Kb2 Nxa4+ 22. Ka3 Nc3 23. Rc6 Nb5+ 24. Ka4 Nc3+ 25. Ka3 1/2-1/2

[Event "Kazan City-ch"]
[Site "Kazan"]
[Date "2007.11.25"]
[Round "2"]
[White "Sadykov, Vadim F"]
[Black "Kotov, Ivan F"]
[Result "0-1"]
[WhiteElo "2174"]
[BlackElo "2309"]
[PlyCount "48"]
[EventDate "2007.11.24"]
[EventType "swiss"]
[EventRounds "11"]
[EventCountry "RUS"]
[SourceTitle "EXT 2009"]
[Source "ChessBase"]
[SourceDate "2008.11.26"]
[SourceVersion "1"]
[SourceVersionDate "2008.11.26"]
[SourceQuality "1"]

1. e4 c5 2. Nf3 d6 3. d4 cxd4 4. Nxd4 Nf6 5. Nc3 e6 6. Bg5 a6 7. Bc4 b5 8. Bb3 Be7 9. 0-0 0-0 10. Re1 Ra7 11. Qf3 Qb6 12. Be3 Qb7 13. Nde2 Ra8 14. Ng3 Nbd7 15. Rad1 Ne5 16. Qe2 Bd7 17. Bg5 Rac8 18. Nh5 Kh8 19. Nxf6 gxf6 20. Bh4 Rg8 21. Qh5 Rg6 22. f4 Nc4 23. f5 Rg7 24. Rd3 Nxb2 0-1

[Event "Tatarstan-ch op"]
[Site "Kazan"]
[Date "2007.08.28"]
[Round "9"]
[White "Sadykov, Renat"]
[Black "Sadykov, Vadim F"]
[Result "1-0"]
[WhiteElo "2078"]
[BlackElo "2174"]
[PlyCount "63"]
[EventDate "2007.08.20"]
[EventType "swiss"]
[EventRounds "9"]
[EventCountry "RUS"]
[SourceTitle "EXT 2009"]
[Source "ChessBase"]
[SourceDate "2008.11.26"]
[SourceVersion "1"]
[SourceVersionDate "2008.11.26"]
[SourceQuality "1"]

1. e4 e5 2. Nf3 Nc6 3. Nc3 Nf6 4. d4 exd4 5. Nxd4 Bb4 6. Nxc6 bxc6 7. Bd3 0-0 8. 0-0 d5 9. exd5 cxd5 10. Bg5 Be6 11. Qf3 Bxc3 12. bxc3 c5 13. c4 dxc4 14. Be4 Rc8 15. Rfe1 h6 16. Bh4 g5 17. Rad1 Qe7 18. Bg3 Nxe4 19. Rxe4 f5 20. Re5 f4 21. Qe4 Rf6 22. Re1 fxg3 23. hxg3 Kf7 24. f4 gxf4 25. gxf4 Qd7 26. Qh7+ Ke8 27. Qg8+ Ke7 28. Qg7+ Rf7 29. Rxe6+ Qxe6 30. Rxe6+ Kxe6 31. Qe5+ Kd7 32. Qd5+ 1-0

[Event "Tatarstan-ch op"]
[Site "Kazan"]
[Date "2007.08.25"]
[Round "6"]
[White "Sadykov, Vadim F"]
[Black "Gazizov, Ravil"]
[Result "1-0"]
[WhiteElo "2174"]
[BlackElo "2234"]
[PlyCount "49"]
[EventDate "2007.08.20"]
[EventType "swiss"]
[EventRounds "9"]
[EventCountry "RUS"]
[SourceTitle "EXT 2009"]
[Source "ChessBase"]
[SourceDate "2008.11.26"]
[SourceVersion "1"]
[SourceVersionDate "2008.11.26"]
[SourceQuality "1"]

1. e4 g6 2. d4 Bg7 3. Nf3 d6 4. Nc3 a6 5. h3 b5 6. a4 b4 7. Nd5 a5 8. Bg5 h6 9. Bh4 g5 10. Bg3 e6 11. Ne3 Bb7 12. Bb5+ Nd7 13. e5 d5 14. h4 c6 15. Bd3 c5 16. dxc5 gxh4 17. Rxh4 Nxc5 18. Bb5+ Kf8 19. Rf4 Ne7 20. Nh4 Ne4 21. Qh5 Ng5 22. Nf3 Nf5 23. Nxf5 Nxf3+ 24. Rxf3 Qg5 25. Nxg7 1-0

[Event "Tatarstan-ch op"]
[Site "Kazan"]
[Date "2007.08.24"]
[Round "5"]
[White "Sadykov, Vadim F"]
[Black "Tsaregorodtsev, Mikhail"]
[Result "1-0"]
[WhiteElo "2174"]
[BlackElo "2013"]
[PlyCount "119"]
[EventDate "2007.08.20"]
[EventType "swiss"]
[EventRounds "9"]
[EventCountry "RUS"]
[SourceTitle "EXT 2009"]
[Source "ChessBase"]
[SourceDate "2008.11.26"]
[SourceVersion "1"]
[SourceVersionDate "2008.11.26"]
[SourceQuality "1"]

1. e4 e6 2. d4 d5 3. Nc3 Nf6 4. Bg5 Be7 5. exd5 exd5 6. Nf3 Bg4 7. h3 Bh5 8. g4 Bg6 9. Ne5 c6 10. h4 h6 11. Nxg6 fxg6 12. Be3 Bb4 13. f3 Qe7 14. Qd3 Qf7 15. 0-0-0 Nbd7 16. Ne2 0-0-0 17. Bf4 Rhe8 18. Bh2 Nb6 19. Nf4 g5 20. hxg5 hxg5 21. Qf5+ Rd7 22. Qxg5 Nc4 23. Bxc4 dxc4 24. c3 Bd6 25. Ng6 Nd5 26. Bxd6 Rxd6 27. Ne5 Qf4+ 28. Qxf4 Nxf4 29. Nxc4 Rf6 30. Rh7 Re7 31. Ne5 c5 32. g5 Rd6 33. Rh4 Ne2+ 34. Kb1 cxd4 35. Re4 Ng3 36. Rexd4 Rxd4 37. cxd4 Ne2 38. Nc4 Rd7 39. d5 Nf4 40. d6 Ng6 41. f4 Nxf4 42. Ne5 Rd8 43. Kc2 Ne6 44. g6 Nc5 45. Rd4 b6 46. b4 Ne6 47. Rd3 Nf8 48. Rc3+ Kb7 49. Rc7+ Ka6 50. Rxa7+ Kxa7 51. Nc6+ Kb7 52. Nxd8+ Kc8 53. Nf7 Kd7 54. a4 Nxg6 55. a5 bxa5 56. bxa5 Nf4 57. Kc3 Ke6 58. Kc4 Kxf7 59. a6 Ke6 60. a7 1-0

[Event "Tatarstan-ch op"]
[Site "Kazan"]
[Date "2007.08.23"]
[Round "4"]
[White "Tukhvatullin, Timur"]
[Black "Sadykov, Vadim F"]
[Result "1-0"]
[WhiteElo "2236"]
[BlackElo "2174"]
[PlyCount "83"]
[EventDate "2007.08.20"]
[EventType "swiss"]
[EventRounds "9"]
[EventCountry "RUS"]
[SourceTitle "EXT 2009"]
[Source "ChessBase"]
[SourceDate "2008.11.26"]
[SourceVersion "1"]
[SourceVersionDate "2008.11.26"]
[SourceQuality "1"]

1. e4 e5 2. Nf3 Nc6 3. Bc4 Nf6 4. d3 Bb4+ 5. c3 Ba5 6. 0-0 d6 7. Bg5 h6 8. Bh4 Bb6 9. Nbd2 Bg4 10. Re1 g5 11. Bg3 Nh5 12. Nf1 Qf6 13. Ne3 Bxf3 14. Qxf3 Qxf3 15. gxf3 Ne7 16. a4 a6 17. Rad1 c5 18. b4 cxb4 19. cxb4 Nc6 20. Nf5 Rd8 21. b5 Nb4 22. Rb1 a5 23. Re2 Kf8 24. d4 f6 25. Rd2 Ng7 26. dxe5 Nxf5 27. exd6 Nxg3 28. hxg3 Kg7 29. d7 Bc5 30. Be6 b6 31. f4 gxf4 32. gxf4 Kf8 33. Rbd1 Ke7 34. f5 h5 35. Kh2 Rh7 36. Rg1 Bd6+ 37. Kh3 Bf4 38. Rd4 Bd6 39. Rg6 Nc2 40. Rc4 Nb4 41. Rc8 Rhh8 42. Rg7+ 1-0

[Event "Muhamedzjanov Memorial"]
[Site "Kazan"]
[Date "2007.02.01"]
[Round "7"]
[White "Zlachevskiy, Leonid"]
[Black "Sadykov, Vadim F"]
[Result "1-0"]
[WhiteElo "2177"]
[BlackElo "2135"]
[PlyCount "49"]
[EventDate "2007.01.26"]
[EventType "swiss"]
[EventRounds "9"]
[EventCountry "RUS"]
[SourceTitle "EXT 2008"]
[Source "ChessBase"]
[SourceDate "2007.11.25"]
[SourceVersion "1"]
[SourceVersionDate "2007.11.25"]
[SourceQuality "1"]

1. Nf3 Nf6 2. d4 d5 3. c4 e6 4. Nc3 c5 5. e3 Nc6 6. cxd5 exd5 7. Be2 a6 8. dxc5 Bxc5 9. 0-0 0-0 10. Qa4 Bd7 11. Qh4 Be7 12. Qa4 Bc5 13. Qc2 Qe7 14. Rd1 Rac8 15. a3 Ne5 16. Qd2 Rfd8 17. b4 Ba7 18. Bb2 Nc4 19. Nxd5 Nxd5 20. Bxc4 Nxe3 21. Qc3 Nf5 22. Qb3 Bc6 23. Bd5 Bxd5 24. Rxd5 Bxf2+ 25. Kh1 1-0

[Event "Muhamedzjanov Memorial"]
[Site "Kazan"]
[Date "2007.01.28"]
[Round "3"]
[White "Baharev, Vladimir"]
[Black "Sadykov, Vadim F"]
[Result "1/2-1/2"]
[WhiteElo "2272"]
[BlackElo "2135"]
[PlyCount "48"]
[EventDate "2007.01.26"]
[EventType "swiss"]
[EventRounds "9"]
[EventCountry "RUS"]
[SourceTitle "EXT 2008"]
[Source "ChessBase"]
[SourceDate "2007.11.25"]
[SourceVersion "1"]
[SourceVersionDate "2007.11.25"]
[SourceQuality "1"]

1. e4 e5 2. Nf3 Nc6 3. Bb5 Nf6 4. Qe2 Bc5 5. d3 d6 6. h3 h6 7. c3 0-0 8. Be3 Bb6 9. Nbd2 Ne7 10. Ba4 Ng6 11. Nc4 Bxe3 12. fxe3 c6 13. Bc2 Qe7 14. 0-0 d5 15. Ncd2 Nh7 16. g4 dxe4 17. dxe4 Nh4 18. Qh2 Nxf3+ 19. Rxf3 f6 20. Nf1 Be6 21. a3 Rad8 22. Ng3 Ng5 23. Rf2 Qc5 24. Re1 Rd2 1/2-1/2

[Event "Kazan-ch"]
[Site "Kazan"]
[Date "2006.11.25"]
[Round "3"]
[White "Vasilov, Artur"]
[Black "Sadykov, Vadim F"]
[Result "0-1"]
[WhiteElo "2238"]
[BlackElo "2135"]
[PlyCount "60"]
[EventDate "2006.11.21"]
[EventType "swiss"]
[EventRounds "11"]
[EventCountry "RUS"]
[SourceTitle "EXT 2019"]
[Source "ChessBase"]
[SourceDate "2018.10.10"]
[SourceVersion "1"]
[SourceVersionDate "2018.10.10"]
[SourceQuality "1"]

1. d4 d5 2. c4 e6 3. Nc3 c5 4. cxd5 exd5 5. Nf3 cxd4 6. Nxd4 Nf6 7. Bg5 Be7 8. g3 Nc6 9. Bg2 0-0 10. 0-0 h6 11. Bc1 Qb6 12. Nxc6 bxc6 13. Qc2 Bg4 14. b3 Rfd8 15. Bb2 c5 16. e3 Rac8 17. Rac1 d4 18. Na4 Qe6 19. exd4 cxd4 20. Qd2 Qe2 21. Qf4 Rxc1 22. Qxc1 d3 23. Nc3 Qc2 24. f3 Bf5 25. Qxc2 dxc2 26. Bc1 Bd3 27. Re1 Bc5+ 28. Kh1 Bb4 29. Bb2 Rc8 30. Re3 Rxc3 0-1